[Event "EU-ch Amateur U2300"]
[Site "Niksic"]
[Date "2018.06.21"]
[Round "9"]
[White "Vico, Milan"]
[Black "Andjelic, Djordje"]
[Result "1/2-1/2"]
[WhiteElo "2004"]
[BlackElo "1690"]
[PlyCount "25"]
[EventDate "2018.06.14"]
[EventType "swiss"]
[EventRounds "9"]
[EventCountry "MNE"]
[SourceTitle "CBM 185 Extra"]
[Source "ChessBase"]
[SourceDate "2018.07.29"]
[SourceVersion "1"]
[SourceVersionDate "2018.07.29"]
[SourceQuality "1"]

1. d4 d5 2. c4 e6 3. Nc3 Nf6 4. Bg5 Nbd7 5. e3 c6 6. Nf3 Qa5 7. Bd3 h6 8. Bh4 Be7 9. 0-0 0-0 10. a3 dxc4 11. Bxc4 Qh5 12. Bg3 Nb6 13. Bd3 1/2-1/2

[Event "EU-ch Amateur U2300"]
[Site "Niksic"]
[Date "2018.06.15"]
[Round "2"]
[White "Vico, Milan"]
[Black "Karisik, Nenad"]
[Result "0-1"]
[WhiteElo "2004"]
[BlackElo "2222"]
[PlyCount "112"]
[EventDate "2018.06.14"]
[EventType "swiss"]
[EventRounds "9"]
[EventCountry "MNE"]
[SourceTitle "CBM 185 Extra"]
[Source "ChessBase"]
[SourceDate "2018.07.29"]
[SourceVersion "1"]
[SourceVersionDate "2018.07.29"]
[SourceQuality "1"]

1. d4 Nf6 2. Nf3 g6 3. g3 Bg7 4. Bg2 0-0 5. 0-0 d6 6. b3 e5 7. h3 e4 8. Ne1 Re8 9. c3 d5 10. Nc2 Na6 11. b4 c6 12. Ne3 Nc7 13. Nd2 h5 14. Nb3 h4 15. g4 Nh7 16. f3 f5 17. f4 Nb5 18. Qe1 Nf6 19. a4 fxg4 20. hxg4 Nd6 21. Bh3 Nh5 22. Rf2 Bh6 23. gxh5 Bxh3 24. Kh2 Bf5 25. hxg6 Re6 26. Nc5 Rxg6 27. Nxb7 Qd7 28. Nxd6 Rxd6 29. Rg2+ Kf7 30. Qxh4 Rh8 31. Kg1 Rf6 32. Ng4 Bxg4 33. Qxg4 Qxg4 34. Rxg4 Bf8 35. Be3 Rfh6 36. Kf2 Rh3 37. Rag1 Be7 38. Bd2 e3+ 39. Bxe3 Bh4+ 40. Rxh4 R8xh4 41. Bd2 a6 42. Rg2 Kf6 43. f5 Kxf5 44. Rg5+ Kf6 45. Rg2 Rh5 46. e3 Kf5 47. Ke2 Rh2 48. Rxh2 Rxh2+ 49. Kd3 Rg2 50. a5 Rh2 51. Be1 Kg4 52. c4 Kf3 53. cxd5 cxd5 54. Bc3 Rh1 55. Bd2 Rd1 56. Kc2 Ke2 0-1

[Event "MNT-ch sf"]
[Site "Niksic"]
[Date "2017.02.19"]
[Round "4"]
[White "Vico, Milan"]
[Black "Djurovic, Peko"]
[Result "1-0"]
[WhiteElo "2083"]
[BlackElo "1473"]
[PlyCount "55"]
[EventDate "2017.02.17"]
[EventType "swiss"]
[EventRounds "7"]
[EventCountry "MNE"]
[SourceTitle "CBM 177 Extra"]
[Source "ChessBase"]
[SourceDate "2017.04.27"]
[SourceVersion "1"]
[SourceVersionDate "2017.04.27"]
[SourceQuality "1"]

1. d4 d5 2. c4 e6 3. Nc3 Nf6 4. Nf3 c5 5. cxd5 exd5 6. g3 h6 7. Bg2 Nc6 8. 0-0 Be6 9. a3 Rc8 10. dxc5 Bxc5 11. b4 Bd6 12. Bb2 0-0 13. Rc1 Re8 14. Nb5 Bb8 15. Nbd4 Ne5 16. Nxe6 Nxf3+ 17. Bxf3 Rxe6 18. Bxf6 Rxf6 19. Qxd5 Rb6 20. Rfd1 Bd6 21. Qf5 Rxc1 22. Rxc1 Qg5 23. Rc8+ Bf8 24. Qd7 Re6 25. Qxb7 Qf5 26. Qa8 Kh7 27. Rxf8 Rd6 28. Be4 1-0

[Event "MNT-ch sf"]
[Site "Niksic"]
[Date "2017.02.18"]
[Round "3"]
[White "Lakusic, Zoran"]
[Black "Vico, Milan"]
[Result "1-0"]
[WhiteElo "1700"]
[BlackElo "2083"]
[PlyCount "54"]
[EventDate "2017.02.17"]
[EventType "swiss"]
[EventRounds "7"]
[EventCountry "MNE"]
[SourceTitle "CBM 177 Extra"]
[Source "ChessBase"]
[SourceDate "2017.04.27"]
[SourceVersion "1"]
[SourceVersionDate "2017.04.27"]
[SourceQuality "1"]

1. e4 c5 2. Bc4 e6 3. Nc3 a6 4. a4 Nc6 5. Nf3 d6 6. d4 cxd4 7. Nxd4 Nf6 8. Bg5 Be7 9. Nxc6 bxc6 10. f4 d5 11. e5 Nd7 12. Bxe7 Qxe7 13. Bd3 Qc5 14. Qd2 Rb8 15. b3 f6 16. exf6 Nxf6 17. a5 Rb4 18. Ra4 0-0 19. Rxb4 Qxb4 20. Ne4 Qxd2+ 21. Nxd2 Ng4 22. 0-0 e5 23. fxe5 Nxe5 24. Bxh7+ Kxh7 25. Rxf8 Bg4 26. Nf3 Nd7 27. Ra8 Bf5 1-0

[Event "YUG-chT"]
[Site "Vrnjacka Banja"]
[Date "1996.??.??"]
[Round "?"]
[White "Vico, Milan"]
[Black "Zakic, Srdjan"]
[Result "0-1"]
[WhiteElo "2160"]
[BlackElo "2365"]
[PlyCount "62"]
[EventDate "1996.??.??"]
[EventType "team"]
[EventRounds "11"]
[EventCountry "YUG"]
[SourceTitle "EXT 2000"]
[Source "ChessBase"]
[SourceDate "1999.11.16"]
[SourceVersion "1"]
[SourceVersionDate "1999.11.16"]
[SourceQuality "1"]

1. d4 Nf6 2. c4 g6 3. Nc3 Bg7 4. e4 d6 5. Nf3 0-0 6. Be2 e5 7. dxe5 dxe5 8. Qxd8 Rxd8 9. Nd5 Rd7 10. Nxe5 Nxd5 11. Nxd7 Nb4 12. Nxb8 Nc2+ 13. Kd1 Nxa1 14. Bf4 Bxb2 15. Bxc7 a5 16. Kd2 a4 17. f4 f6 18. Rb1 a3 19. Rd1 Be6 20. g4 Ra4 21. Bd3 Bxc4 22. Bb1 Be6 23. Ke3 Bxg4 24. Rd8+ Kg7 25. Bd6 Rc4 26. Nd7 Nc2+ 27. Kf2 Bd4+ 28. Kg2 Ne1+ 29. Kf1 Rc1 30. Bf8+ Kf7 31. Bxa3 Rxb1 0-1